Một cuộc đợi
שמור ב:
| מחבר ראשי: | |
|---|---|
| מחברים אחרים: | , |
| פורמט: | ספר |
| יצא לאור: |
H.
Văn học
1980
|
| נושאים: | |
| תגים: |
הוספת תג
אין תגיות, היה/י הראשונ/ה לתייג את הרשומה!
|
| Thư viện lưu trữ: | Trung tâm Học liệu Lê Vũ Hùng, Trường Đại học Đồng Tháp |
|---|
| LEADER | 00799pam a22002418a 4500 | ||
|---|---|---|---|
| 001 | 00021403 | ||
| 005 | 20171026081025.0 | ||
| 008 | 110524s1980 ||||||Viesd | ||
| 041 | 0 | # | |a Vie |
| 082 | 1 | 4 | |a 843 |b M458C |
| 100 | 0 | # | |a Môpatxăng, Ghi Đơ |
| 245 | 0 | 0 | |a Một cuộc đợi |c Ghi Đơ Môpatxăng; Mai Xuân, Trần Việt dịch |
| 260 | # | # | |a H. |b Văn học |c 1980 |
| 300 | # | # | |a 344 tr. |c 19 cm. |
| 650 | # | 4 | |a Văn học Pháp |
| 650 | # | 4 | |a Văn học hiện đại |
| 653 | # | # | |a Tiểu thuyết |
| 700 | 0 | # | |a Mai Xuân, |e dịch |
| 700 | 0 | # | |a Trần Việt dịch |e dịch |
| 852 | # | # | |b Kho đọc |j KD.0006634 |
| 852 | # | # | |j KD.0006634 |
| 910 | 0 | # | |a Đức |d 24/05/2011 |
| 980 | # | # | |a Trung tâm Học liệu Lê Vũ Hùng, Trường Đại học Đồng Tháp |